000 00387 a2200121 4500
001 ART_61649
005 20260410162056.0
008 260409a
245 1 0 _aJuicio por jurados vs. principio de especialidad
100 1 _aDeymonnaz, Virginia
700 1 _aFreedman, Diego
773 0 _tTemas de derecho penal y procesal penal
_g- Año 5, N° 7 (jul. 2023)
_wREV60798
999 _c36328
_d36328